MARC

LEADER 00000nam0a2200000 4500
001 89544
005 20231031103101.0
035 |a (RuTPU)RU\TPU\book\96071 
090 |a 89544 
100 |a 20060124d1970 km y0rusy50 ca 
101 0 |a rus 
102 |a RU 
105 |a a z 001zy 
200 1 |a Специфика измерений теплофизических параметров высокотемпературных энергетических установок  |f Н. В. Яловега 
210 |a Москва  |c Атомиздат  |d 1970 
215 |a 384 с.  |c ил. 
320 |a Библиогр.: с. 380-382 
610 1 |a ядерные энергетические установки 
610 1 |a теплоносители 
610 1 |a теплофизические свойства 
610 1 |a эксперименты 
610 1 |a жидкометаллические теплоносители 
610 1 |a теплотехнический контроль 
610 1 |a датчики систем 
610 1 |a автоматическое управление 
675 |a 621.039.53  |v 3 
700 1 |a Яловега  |b Н. В.  |g Николай Васильевич 
801 1 |a RU  |b 63413507  |c 20060124  |g PSBO 
801 2 |a RU  |b 63413507  |c 20230220  |g PSBO 
942 |c BK